Interlude - Madison Beer - Statistics

General Stats
  • This quiz has been taken 11 times
  • The average score is 100 of 127
Answer Stats
Hint Answer % Correct
be
100%
But
100%
do
100%
don't
100%
I
100%
so
100%
to
100%
You
100%
you
100%
a
88%
Chorus | Verse Baby
88%
baby
88%
just
88%
No
88%
not
88%
on
88%
someone
88%
wanna
88%
your
88%
you're
88%
actin'
75%
And
75%
and
75%
been
75%
for
75%
Post-Chorus For
75%
I'm
75%
in
75%
lie
75%
Like
75%
like
75%
me
75%
my
75%
My
75%
Only
75%
that
75%
too
75%
too?
75%
won't
75%
yeah
75%
you've
75%
another
63%
can't
63%
crazy
63%
cry
63%
damn
63%
emotions
63%
fool
63%
go
63%
Hear
63%
It's
63%
ocean
63%
shit
63%
still
63%
that's
63%
this
63%
was
63%
would
63%
Would
63%
all
50%
constant
50%
cool
50%
decide
50%
eclipse
50%
got
50%
heart's
50%
keep
50%
lose
50%
mind
50%
time
50%
tried
50%
Well
50%
yours
50%
ain't
38%
curb
38%
side
38%
No matching quizzes found
Score Distribution
Percent of People with Each Score
Percentile by Number Answered
Your Score History
You have not taken this quiz